High-Performance Energy-Efficient Microprocessor Design (Record no. 225623)

MARC details
000 -LEADER
fixed length control field 00579nam a2200145Ia 4500
008 - FIXED-LENGTH DATA ELEMENTS--GENERAL INFORMATION
fixed length control field 231221s9999 xx 000 0 und d
020 ## - INTERNATIONAL STANDARD BOOK NUMBER
International Standard Book Number 978-0-387-34047-0
041 ## - LANGUAGE CODE
Language code of text/sound track or separate title English
100 ## - MAIN ENTRY--PERSONAL NAME
Personal name Vojin G. Oklobdzija, Ram K. Krishnamurthy
245 #0 - TITLE STATEMENT
Title High-Performance Energy-Efficient Microprocessor Design
260 ## - PUBLICATION, DISTRIBUTION, ETC.
Date of publication, distribution, etc. 2006
Name of publisher, distributor, etc. Springer US
Place of publication, distribution, etc. New York
440 ## - SERIES STATEMENT/ADDED ENTRY--TITLE
Title Integrated Circuits and Systems
650 ## - SUBJECT ADDED ENTRY--TOPICAL TERM
Topical term or geographic name entry element Circuits and Systems; Electrical Engineering; Engineering Design; Electronics and Microelectronics, Instrumentation; Communications Engineering, Networks
942 ## - ADDED ENTRY ELEMENTS (KOHA)
Koha item type E-Books
Holdings
Date last seen Total checkouts Accession number Uniform resource identifier Price effective from Category Lost status Damaged status Department Withdrawn status Home library Current library Shelving location Entry date Billnumber Currency symbol Conversion rate Discount Old discount
26/01/2024   EB8041 http://link.springer.com/openurl?genre=book&isbn=978-0-387-28594-8 26/01/2024 E-Books     Central Library   Central Library Central Library Central Library   18692 RS 1    

© For any Suggestions or Query, please contact the library staff @ librarian@pes.edu or Phone: +9180 2672 1983/ 2108.